000 00823nam a2200241Ia 4500
003 OSt
005 20220923210949.0
006 a|||||r|||| 00| 0
007 ta
008 Pun
020 _a8126013036 (pbk)
024 _a235,676
037 _cTextual
040 _aARTS
_cARTS
_bPun
041 _2Pun
_aPun
082 _aO168,1L97w, 153P1
100 _aਵਰਮਾ, ਪਵਨ ਕੇ; ਆਰਿਖ਼, ਗੁਰਦਿਆਲ ਸਿੰਘ, ੳਗ.
_9156617
245 0 _aਫ਼ਾਲਿਬ ਮਨੁਖ ਤੇ ਮਾਹੌਲ
260 _aਦਿੱਲੀ
_b ਸਾਹਿਤ ਅਕਾਦੇਮੀ
_c2001
300 _a255ਪੰ
_ccm.
942 _hO168,1L97w, 153P1
_cTEXL
_2CC
999 _c293244
_d293244